000 00723nam a2200217Ia 4500
003 GCL
008 140319s9999 xx 000 0 ara d
040 _aGCL /
_cGCL
082 0 4 _a823.009
_bا ر
100 1 _aالن ، والتر
245 1 0 _aالرواية الانجليزية (هدية من الاديب عبدالفتاح الجمل) /
_cالن ، والتر
700 1 _aصفوت عزيز جرجس (مترجم)
700 1 _aمرسى سعدالدين
300 _a375 ص
490 _aالالف كتاب الثانى
_v0
650 0 4 _aالعصر الحديث
650 0 4 _aالقصص الانجليزية
650 0 4 _aالادب الانجليزى
650 0 4 _aتاريخ ونقد
942 _2ddc
_cBK
999 _c41034
_d41034